Países com Maior Produção de Petróleo - Statistics

Estatísticas Gerais
  • Esse quiz foi jogado 13 382 vezes
    12 736 desde o último reset
  • A pontuação média é 13 de 20
Estatísticas das Respostas
Barris / Dia País % Correto
11.3 mi Estados Unidos
96%
2.94 mi Brasil
95%
9.87 mi Rússia
92%
3.89 mi China
90%
9.41 mi Arábia Saudita
89%
4.18 mi Canadá
82%
2.67 mi Irã
82%
3.14 mi Emirados Árabes Unidos
75%
4.10 mi Iraque
75%
1.34 mi Catar
74%
1.71 mi México
73%
0.95 mi Omã
63%
2.56 mi Kuwait
54%
0.95 mi Reino Unido
53%
0.71 mi Indonésia
45%
1.76 mi Cazaquistão
43%
1.71 mi Noruega
42%
1.77 mi Nigéria
37%
1.12 mi Argélia
36%
1.26 mi Angola
27%
Nenhum quiz correspondente encontrado
Distribuição das Pontuações
Porcentagem de Pessoas com Cada Pontuação
Percentil de Números Respondidos
Sua Pontuação Histórica
Você não jogou esse quiz desde o último reset